[Event "Leamington Spa 4NCL op-B 28th"]
[Site "Leamington Spa"]
[Date "2022.07.10"]
[Round "4"]
[White "Passariello, Andrea"]
[Black "Pitt, Chris W"]
[Result "1-0"]
[WhiteElo "1766"]
[BlackElo "1648"]
[PlyCount "81"]
[EventDate "2022.07.08"]
[EventType "swiss"]
[EventRounds "5"]
[EventCountry "ENG"]
[SourceTitle "CBM 209 Extra"]
[Source "ChessBase"]
[SourceDate "2022.09.30"]
[SourceVersion "1"]
[SourceVersionDate "2022.09.30"]
[SourceQuality "1"]

1. b3 e5 2. Bb2 Nc6 3. e3 d6 4. Ne2 Nf6 5. d4 Bd7 6. c4 g6 7. Nbc3 Bg7 8. d5 Ne7 9. e4 0-0 10. Ng3 Ne8 11. Bd3 f5 12. exf5 gxf5 13. f3 Ng6 14. Qc2 Bh6 15. Nxf5 Bxf5 16. Bxf5 Qg5 17. Bxg6 hxg6 18. Bc1 Qh4+ 19. g3 Qh5 20. 0-0 Bg7 21. Qe4 Nf6 22. Qe3 Rf7 23. Ne4 Nxe4 24. Qxe4 Raf8 25. Kg2 Rxf3 26. Rxf3 Rxf3 27. Qxf3 Qxf3+ 28. Kxf3 e4+ 29. Kxe4 Bxa1 30. Bg5 Kf7 31. g4 Be5 32. h4 Bc3 33. h5 gxh5 34. gxh5 Bb2 35. Kf5 Bc3 36. Be3 a6 37. c5 Be5 38. cxd6 Bxd6 39. Bf4 Bf8 40. Bxc7 Ke8 41. Ke6 1-0

[Event "Leamington Spa 4NCL op-B 28th"]
[Site "Leamington Spa"]
[Date "2022.07.10"]
[Round "5"]
[White "Pitt, Chris W"]
[Black "Vdovycia, Titas"]
[Result "1/2-1/2"]
[WhiteElo "1648"]
[BlackElo "1734"]
[PlyCount "39"]
[EventDate "2022.07.08"]
[EventType "swiss"]
[EventRounds "5"]
[EventCountry "ENG"]
[SourceTitle "CBM 209 Extra"]
[Source "ChessBase"]
[SourceDate "2022.09.30"]
[SourceVersion "1"]
[SourceVersionDate "2022.09.30"]
[SourceQuality "1"]

1. e4 e5 2. Nf3 Nf6 3. Nxe5 d6 4. Nf3 Nxe4 5. Nc3 Nxc3 6. dxc3 Nc6 7. Be3 Be7 8. Qd2 a6 9. 0-0-0 Be6 10. Kb1 b5 11. Bd3 d5 12. a3 Na5 13. Qe2 0-0 14. Ne5 Bd6 15. Qh5 f5 16. f4 Qf6 17. Rde1 c5 18. g4 g6 19. Qh3 Nc4 20. Bf2 1/2-1/2

[Event "Daventry 4NCL Easter op-B 2nd"]
[Site "Daventry"]
[Date "2022.04.17"]
[Round "4"]
[White "Pitt, Chris W"]
[Black "Gaffney, Samuel"]
[Result "0-1"]
[WhiteElo "1642"]
[BlackElo "1866"]
[PlyCount "70"]
[EventDate "2022.04.15"]
[EventType "swiss"]
[EventRounds "7"]
[EventCountry "ENG"]
[SourceTitle "CBM 207 Extra"]
[Source "ChessBase"]
[SourceDate "2022.05.31"]
[SourceVersion "1"]
[SourceVersionDate "2022.05.31"]
[SourceQuality "1"]

1. e4 d5 2. exd5 Qxd5 3. Nc3 Qa5 4. d4 Nf6 5. Nf3 Bf5 6. Ne5 c6 7. g4 Be6 8. Bc4 Nbd7 9. Bxe6 Nxe5 10. g5 Nfd7 11. f4 Nf3+ 12. Qxf3 fxe6 13. Bd2 Qf5 14. 0-0-0 g6 15. Rhf1 Bg7 16. Be3 0-0-0 17. Kb1 Nb6 18. Ne4 Rd5 19. Kc1 Rhd8 20. c3 Ra5 21. a3 Rb5 22. Nc5 Nc4 23. Rf2 Nxa3 24. bxa3 Rb1+ 25. Kd2 Rxd1+ 26. Kxd1 Qxc5 27. Kc2 Qxa3 28. Qh3 Qa2+ 29. Kd3 Qb1+ 30. Kd2 Qf5 31. Qxh7 Bf8 32. h4 Rd5 33. Ke1 Ra5 34. h5 Ra1+ 35. Kd2 Qb1 0-1

[Event "Daventry 4NCL Easter op-B 2nd"]
[Site "Daventry"]
[Date "2022.04.16"]
[Round "2"]
[White "Pitt, Chris W"]
[Black "Livesey, R Nigel"]
[Result "0-1"]
[WhiteElo "1642"]
[BlackElo "1864"]
[PlyCount "50"]
[EventDate "2022.04.15"]
[EventType "swiss"]
[EventRounds "7"]
[EventCountry "ENG"]
[SourceTitle "CBM 207 Extra"]
[Source "ChessBase"]
[SourceDate "2022.05.31"]
[SourceVersion "1"]
[SourceVersionDate "2022.05.31"]
[SourceQuality "1"]

1. e4 c6 2. d4 d5 3. exd5 cxd5 4. c4 Nf6 5. c5 e5 6. Nc3 exd4 7. Qxd4 Nc6 8. Bb5 Bd7 9. Bxc6 bxc6 10. Nf3 Be7 11. 0-0 0-0 12. Re1 Re8 13. b4 a5 14. Na4 axb4 15. Nb6 Ra5 16. Qxb4 Rb5 17. Qh4 Ne4 18. Qf4 Bxc5 19. Nxd7 Bxf2+ 20. Kf1 Qxd7 21. Ne5 Qe6 22. Rxe4 dxe4 23. Qxf7+ Qxf7 24. Nxf7 Bd4 25. Nd6 Rf8+ 0-1

[Event "Daventry 4NCL Easter op-B 2nd"]
[Site "Daventry"]
[Date "2022.04.15"]
[Round "1"]
[White "Ginestie, Martin"]
[Black "Pitt, Chris W"]
[Result "1/2-1/2"]
[WhiteElo "1865"]
[BlackElo "1642"]
[PlyCount "40"]
[EventDate "2022.04.15"]
[EventType "swiss"]
[EventRounds "7"]
[EventCountry "ENG"]
[SourceTitle "CBM 207 Extra"]
[Source "ChessBase"]
[SourceDate "2022.05.31"]
[SourceVersion "1"]
[SourceVersionDate "2022.05.31"]
[SourceQuality "1"]

1. d4 d5 2. c4 e6 3. g3 c5 4. Nf3 Nf6 5. Bg2 Nc6 6. Qa4 Bd7 7. Qd1 dxc4 8. 0-0 Bd6 9. Nbd2 b5 10. a4 a6 11. Ne5 Bxe5 12. dxe5 Nd5 13. Ne4 Nxe5 14. Nxc5 0-0 15. Nxd7 Nxd7 16. Bxd5 exd5 17. Qxd5 Nf6 18. Qc6 Qa5 19. Rd1 Rfc8 20. Qb7 Rcb8 1/2-1/2